000 01100nam0a2200289 4500
001 RU\NLR\bibl\1441309
005 20250615224746.0
010 _a978-5-17-041701-8
_bАСТ
010 _a978-5-271-15646-5
_bАстрель
_97000
021 _aRU
_b2009-77939
_94877
035 _a(NLR Aleph) 001433162
090 _a1415553
_c1415553
100 _a20091120d2009 |||y0rusy50 ca
101 0 _arus
_aeng
102 _aRU
105 _ay |||||||||
200 1 _aУниверсальный русско-английский разговорник
_e[компактное издание, незаменимое в путешествии
_fLangenscheidt
_gред. Лысенкова Ю.А.]
210 _aМосква
_cАСТ [и др.]
_d2009
215 _a254,[1] с.
_d12
606 1 _aРусский язык
_xРазговорники
_xАнглийский язык
_91553823
_3RU\NLR\auth\66979615
686 _aШ141.12-498.1
686 _aШ143.21-498.2
702 1 _aЛысенкова
_bЮ. А.
_4340
801 0 _aRU
_bNLR
_c20091120
_gRCR
801 1 _aRU
_bNLR
_c20091120
942 _cBOOK
980 _aNB